| 000 | 00801nam a2200229 a 4500 | ||
|---|---|---|---|
| 005 | 20210223130718.0 | ||
| 008 | 081008s1989 mx r 000 0 spa d | ||
| 035 | _aUPN01000162769 | ||
| 049 | _aUNE | ||
| 080 | _a371 =40 BRA No.27. | ||
| 100 | 1 | _aBray, Mark | |
| 245 | 1 | 3 |
_aLa Scolarisatiòn à vacations multiples : _bconception et mise en oeuvre pour un meliler rapport cout-efficacité/ _cMark Bray. |
| 260 |
_aParis : _bUNESCO; _aNew York : _bUNICEF, _c1989. |
||
| 300 |
_a140 p. ; _bil. |
||
| 440 | 0 | _aED-89/WS/72 | |
| 690 | _aEnseñanza- Administracion de la enseñanza | ||
| 690 | _aAdministracion de la enseñanza- Estrategias de enseñanza | ||
| 690 | _aEstrategias de enseñanza- Administracion de la enseñanza | ||
| 710 | 2 | _aUNESCO | |
| 710 | 2 |
_aUNICEF. _924085 |
|
| 905 | _aUNESCO | ||
| 999 |
_c134882 _d134882 |
||